000
00219 a2200097 4500
001
45879
100
_a
Palmer N
245
_a
International relations
260
_a
New York
_b
Houghton mifflin
_c
090
_c
28978
_d
28978
942
_a
NUST-CAE
_c
M
_c
21088
999
_c
280952
_d
280952